00732nam a2200241 a 4500001001300000003000900013005001700022008004100039020001000080082001300090100002100103245007200124260003900196300000900235500003500244505001000279650003200289700002100321902000800342942000700350952011600357999001700473nice12345678IN_TiNIC20260116015243.0050524s1996 sera grp 000 0 eng  ac10000a230bSAT aSatyaranjan, D S aAffirming Faith in Indian Contextb New Mandate for the New Century aSeramporebSerampore Collegec1996 a212p aincludes index and biblioraphy2 aIndex aTheology-Study and Teaching1 aSatyaranjan, D S bSRS cBK 001040708StackRoom-aHMIbHMId2007-06-12g100.00l0o230 SATp11000426r2007-06-12v100.00w2005-05-24yBK c18935d18935